[Event "KO Scotch Opening <1800"]
[Site "SchemingMind.com"]
[Date "2007.04.19"]
[Round "-"]
[White "mart_r3000"]
[Black "langhab"]
[Result "0-1"]
[WhiteCountry "ENG"]
[BlackCountry "PHI"]
[WhiteElo "1338"]
[WhiteRD "52"]
[BlackElo "1721"]
[BlackRD "87"]
[GameID "101756"]

1. e4 e5 2. Nf3 Nc6 3. d4 exd4 4. Nxd4 b6 5. Nc3 Bb7 6. Bf4 d6 7. Bb5 Ne7 8. O-O a6 9. Bxc6+ Nxc6 10. Nxc6 Bxc6
11. Re1 g6 12. Qd4 f6 13. Nd5 Bg7 14. e5 dxe5 15. Qe4 Qxd5 16. f3 Qc5+ 17. Be3 Bxe4 18. Bxc5 Bxc2 19. Rac1 bxc5 20. Rxc2 Bf8
21. Rd2 Bd6 22. f4 O-O-O 23. fxe5 Bxe5 24. Rde2 Rd5 25. Kf2 Rhd8 26. Ke3 h5 27. h4 Bg3 28. Rf1 Rd3+ 29. Ke4 R8d4#
0-1

[Event "KO Scotch Opening <1800"]
[Site "SchemingMind.com"]
[Date "2007.04.20"]
[Round "-"]
[White "langhab"]
[Black "mart_r3000"]
[Result "1-0"]
[WhiteCountry "PHI"]
[BlackCountry "ENG"]
[WhiteElo "1721"]
[WhiteRD "87"]
[BlackElo "1338"]
[BlackRD "52"]
[GameID "101761"]

1. e4 e5 2. Nf3 Nc6 3. d4 f6 4. a3 d6 5. Bb5 Bd7 6. O-O a6 7. Ba4 g5 8. Nxg5 fxg5 9. Qh5+ Ke7 10. Bxg5+ Nf6
11. f4 Nxd4 12. fxe5 dxe5 13. Bxf6+ Kd6 14. Bxd8 Rxd8 15. Rf6+ Be6 16. Nd2 b5 17. Bb3 Kc6 18. Qxe5 Bc5 19. Kh1 Rhe8 20. Bxe6 Rd6
21. Bd5+ Kb6 22. Rxd6+ Bxd6 23. Qxe8 Ka5 24. b4+ Kb6 25. Qb8#
1-0

[Event "KO Scotch Opening <1800"]
[Site "SchemingMind.com"]
[Date "2007.04.22"]
[Round "-"]
[White "rampichino"]
[Black "Archon"]
[Result "0-1"]
[WhiteCountry "ITA"]
[BlackCountry "CAN"]
[WhiteElo "1424"]
[WhiteRD "68"]
[BlackElo "1692"]
[BlackRD "57"]
[GameID "102042"]

1. e4 e5 2. Nf3 Nc6 3. d4 exd4 4. Nxd4 Bc5 5. Nxc6 Qf6 6. Qf3 Qxf3 7. gxf3 bxc6 8. Be3 Bb6 9. Nd2 Nf6 10. O-O-O O-O
11. Rg1 a5 12. Bh6 Nh5 13. Bh3 d6 14. Bf5 Bxf5 15. exf5 Rfe8 16. Rg2 Re5
0-1

[Event "KO Scotch Opening <1800"]
[Site "SchemingMind.com"]
[Date "2007.04.23"]
[Round "-"]
[White "Archon"]
[Black "rampichino"]
[Result "1-0"]
[WhiteCountry "CAN"]
[BlackCountry "ITA"]
[WhiteElo "1692"]
[WhiteRD "57"]
[BlackElo "1424"]
[BlackRD "68"]
[GameID "102049"]

1. e4 e5 2. Nf3 Nc6 3. d4 exd4 4. Bc4 Qf6 5. O-O d6 6. Bg5 Qg6 7. Nbd2 Be6 8. Re1 h6 9. Bxe6 Qxe6 10. Bh4 Be7
11. Bxe7 Ngxe7 12. Nb3 O-O-O 13. Nbxd4 Nxd4 14. Nxd4 Qc4 15. Nf3 g5 16. Nd2
1-0

[Event "KO Scotch Opening <1800"]
[Site "SchemingMind.com"]
[Date "2007.04.25"]
[Round "-"]
[White "jtrochez1"]
[Black "David Hartley"]
[Result "0-1"]
[WhiteCountry "HON"]
[BlackCountry "ENG"]
[WhiteElo "1559"]
[WhiteRD "45"]
[BlackElo "1881"]
[BlackRD "88"]
[GameID "102372"]

1. e4 e5 2. Nf3 Nc6 3. d4 exd4 4. Nxd4 Bc5 5. Nf5 Qf6 6. Nc3 Nge7 7. Be3 Bb4 8. Bd3 Bxc3+ 9. bxc3 Nxf5 10. exf5 Qxc3+
11. Bd2 Qe5+ 12. Qe2 d6 13. Qxe5+ dxe5 14. Be4 Bd7 15. O-O h5 16. Rae1 f6 17. f4 O-O-O 18. Rb1 b6 19. a3 Rhe8 20. Bxc6 Bxc6
21. Be3 Bd7 22. fxe5 Rxe5 23. Bd4 Rxf5 24. Bxf6 Rxf6 25. Rxf6 gxf6 26. Rd1 Bf5 27. Rxd8+ Kxd8 28. c3 h4 29. h3 Be4 30. Kf2 Kd7
31. g3 hxg3+ 32. Kxg3 Kc6 33. Kg4 Kc5 34. h4 Kc4 35. h5 Kxc3 36. Kf4 Bb1
0-1

[Event "KO Scotch Opening <1800"]
[Site "SchemingMind.com"]
[Date "2007.04.25"]
[Round "-"]
[White "David Hartley"]
[Black "jtrochez1"]
[Result "1-0"]
[WhiteCountry "ENG"]
[BlackCountry "HON"]
[WhiteElo "1881"]
[WhiteRD "88"]
[BlackElo "1559"]
[BlackRD "45"]
[GameID "102378"]

1. e4 e5 2. Nf3 Nc6 3. d4 exd4 4. Nxd4 Ne5 5. Bf4 d6 6. Be2 Nf6 7. Nc3 c6 8. Nf3 Nxf3+ 9. Bxf3 Be7 10. O-O O-O
11. Qd3 Ng4 12. Rad1 Qb6 13. b3 Be6 14. Qe2 Nf6 15. Bxd6 Bxd6 16. Rxd6 Qc7 17. Rfd1 Rfe8 18. R6d3 Rad8 19. Qe3 b6 20. Qd2 Nd7
21. Ne2 h6 22. Nf4 Re7 23. Nxe6 fxe6 24. e5 Qxe5 25. Bxc6 Rf7 26. Bxd7 Rdf8 27. Re1 Qxh2+ 28. Kxh2 Rxf2 29. Re2 R2f4 30. Bxe6+ Kh8
31. Rd8
1-0

[Event "KO Scotch Opening <1800"]
[Site "SchemingMind.com"]
[Date "2007.05.01"]
[Round "-"]
[White "npeden"]
[Black "Mitchell-in"]
[Result "0-1"]
[WhiteCountry "USA"]
[BlackCountry "ENG"]
[WhiteElo "1542"]
[WhiteRD "121"]
[BlackElo "1679"]
[BlackRD "68"]
[GameID "103015"]

1. e4 e5 2. Nf3 Nc6 3. d4 exd4 4. Bc4 Bc5 5. Ng5 Nh6 6. Nxf7 Nxf7 7. Bxf7+ Kxf7 8. Qh5+ g6 9. Qxc5 d6 10. Qc4+ Be6
11. Qe2 Re8 12. O-O Kg8 13. c3 Rf8 14. Nd2 dxc3 15. bxc3 Qf6 16. Qf3 Qe5 17. Qg3 Qxg3 18. fxg3 Rxf1+ 19. Kxf1 Rf8+ 20. Kg1 Ne5
21. Bb2 Nd3 22. Rb1 Bxa2 23. Ra1 Be6 24. Ba3 a6 25. Rf1 Rxf1+ 26. Kxf1 Kf7 27. Ke2 Ne5 28. Nf3 Nxf3 29. gxf3 Bc4+ 30. Ke3 c5
31. e5 Ke6 32. exd6 Kxd6 33. Kf4 h5 34. Kg5 Bd3 35. g4 hxg4 36. fxg4 b5 37. h4 a5 38. Bb2 b4 39. h5 gxh5 40. gxh5 a4
0-1

[Event "KO Scotch Opening <1800"]
[Site "SchemingMind.com"]
[Date "2007.05.02"]
[Round "-"]
[White "Mitchell-in"]
[Black "npeden"]
[Result "1-0"]
[WhiteCountry "ENG"]
[BlackCountry "USA"]
[WhiteElo "1616"]
[WhiteRD "68"]
[BlackElo "1576"]
[BlackRD "124"]
[GameID "103026"]

1. e4 e5 2. Nf3 Nc6 3. d4 exd4 4. Bc4 Bc5 5. c3 dxc3 6. Bxf7+ Kxf7 7. Qd5+ Kf8 8. Qxc5+ Qe7 9. Qxe7+ Ngxe7 10. Nxc3 d6
11. Bf4 h6 12. O-O Bg4 13. Ne1 Ng6 14. Bg3 Kf7 15. f3 Be6 16. Nd3 Rhf8 17. f4 Bg4 18. h3 Bh5 19. Bh2 Kg8 20. g4 Bxg4
21. hxg4 Rae8 22. Rae1 a6 23. Nd5 Rf7 24. Bg3 Nd4 25. f5 Ne5 26. Nxe5 dxe5 27. f6 g5 28. Ne7+ Kh7 29. Bxe5
1-0

[Event "KO Scotch Opening <1800"]
[Site "SchemingMind.com"]
[Date "2007.05.04"]
[Round "-"]
[White "carosoko"]
[Black "kifosi"]
[Result "1/2-1/2"]
[WhiteCountry "BEL"]
[BlackCountry "DEN"]
[WhiteElo "1684"]
[WhiteRD "97"]
[BlackElo "1823"]
[BlackRD "70"]
[GameID "103168"]

1. e4 e5 2. Nf3 Nc6 3. d4 exd4 4. Nxd4 Bc5 5. Nxc6 Qf6 6. Qd2 dxc6 7. Nc3 Be6 8. Qf4 Qxf4 9. Bxf4 O-O-O 10. Bd3 h6
11. O-O=
1/2-1/2

[Event "KO Scotch Opening <1800"]
[Site "SchemingMind.com"]
[Date "2007.05.04"]
[Round "-"]
[White "kifosi"]
[Black "carosoko"]
[Result "0-1"]
[WhiteCountry "DEN"]
[BlackCountry "BEL"]
[WhiteElo "1887"]
[WhiteRD "67"]
[BlackElo "1718"]
[BlackRD "85"]
[GameID "103176"]

1. e4 e5 2. Nf3 Nc6 3. d4 exd4 4. Nxd4 Bc5 5. Be3 Qf6 6. Nb5 Bxe3 7. fxe3 Qh4+ 8. g3 Qxe4 9. Nxc7+ Kd8 10. Nxa8 Qxh1
11. Qd6 Nge7 12. Nc3 Qf3 13. Qc7+ Ke8 14. Qf4 Qxf4 15. exf4 Kd8 16. O-O-O b6 17. Bg2 Bb7 18. b4 Bxa8 19. b5 Kc7 20. bxc6 Bxc6
21. Bxc6 dxc6 22. Kb2 Nc8 23. Ne4 h6 24. Kb3 Re8 25. Nc3 Nd6 26. Rd2 Re3 27. Rd3 Re1 28. h4 Kd7 29. a3 Ke6
0-1

[Event "KO Scotch Opening <1800"]
[Site "SchemingMind.com"]
[Date "2007.05.13"]
[Round "-"]
[White "lea_dc"]
[Black "Theodoric"]
[Result "0-1"]
[WhiteCountry "ARG"]
[BlackCountry "ENG"]
[WhiteElo "1647"]
[WhiteRD "85"]
[BlackElo "1783"]
[BlackRD "59"]
[GameID "103530"]

1. e4 e5 2. Nf3 Nc6 3. d4 exd4 4. Nxd4 Bc5 5. Be3 Qf6 6. c3 a6 7. Be2 Nh6 8. f3 O-O 9. O-O Re8 10. Nf5 Bxe3+
11. Nxe3 d6 12. Nd5 Qd8 13. Nd2 f6 14. Bc4 Be6 15. Qe2 Nf7 16. Nf4 Bxc4 17. Qxc4 Ne5 18. Qb3 b5 19. Rad1 Qd7 20. Rf2 Kh8
21. Nd5 Nd3 22. Rff1 Nc5 23. Qc2 Ne5 24. Nb3 Nxb3 25. Qxb3 Nc4 26. Rfe1 Qc6 27. Qc2 Nb6 28. Nb4 Qc5+ 29. Kh1 Qh5 30. Qb3 Nc4
31. Qc2 Qg5 32. Qe2 Nb6 33. Nc6 h6 34. b3= Qc5 35. Nd4 Qxc3 36. Nf5 Qc6 37. Qf2 Kh7 38. h4 Qd7 39. Qg3 Rad8 40. h5 Qf7
41. Rc1 Qxh5+ 42. Kg1 Rd7 43. Kf2 Qg5 44. Qh3 g6 45. Nd4 Qd2+ 46. Ne2 Re5 47. Red1 Qb4 48. Nf4 Rde7 49. Nd3 Qd4+ 50. Kf1 Rh5
51. Qg3 Qe3 52. Nf2 Qg5 53. Qxg5 Rxg5 54. Ng4 Kg7 55. Kf2 h5 56. Ne3 Rc5 57. Rxc5 dxc5 58. Nd5 Rd7 59. Ke2 Nxd5 60. Rxd5 Rxd5
61. exd5 g5 62. Kf2 f5 63. f4 gxf4 64. Kf3 h4 65. Kxf4 Kf6 66. a3 c4 67. bxc4 bxc4 68. Ke3 Ke5
0-1

[Event "KO Scotch Opening <1800"]
[Site "SchemingMind.com"]
[Date "2007.05.13"]
[Round "-"]
[White "Theodoric"]
[Black "lea_dc"]
[Result "1-0"]
[WhiteCountry "ENG"]
[BlackCountry "ARG"]
[WhiteElo "1839"]
[WhiteRD "89"]
[BlackElo "1712"]
[BlackRD "86"]
[GameID "103535"]

1. e4 e5 2. Nf3 Nc6 3. d4 exd4 4. Nxd4 Nf6 5. Nxc6 bxc6 6. e5 Nd5 7. Bc4 Be7 8. Bxd5 cxd5 9. O-O Bb7 10. Nc3 O-O
11. Nxd5 Bc5 12. c4 Re8 13. Bf4 d6 14. exd6 Bxd6 15. Bxd6 Qxd6 16. Ne3 Qc6 17. Qd5 Qb6 18. Qg5 Rad8 19. Nf5 g6 20. Ne3 Qc6
21. Rad1 Rxd1 22. Rxd1 h6 23. Qd5 Qb6 24. Qb5 Re7 25. Qxb6 axb6 26. h3 Kg7 27. Re1 f5 28. Nxf5+ gxf5 29. Rxe7+
1-0

[Event "KO Scotch Opening <1800"]
[Site "SchemingMind.com"]
[Date "2007.06.16"]
[Round "-"]
[White "David Hartley"]
[Black "Archon"]
[Result "0-1"]
[WhiteCountry "ENG"]
[BlackCountry "CAN"]
[WhiteElo "1880"]
[WhiteRD "81"]
[BlackElo "1711"]
[BlackRD "52"]
[GameID "108797"]

1. e4 e5 2. Nf3 Nc6 3. d4 exd4 4. Nxd4 Bc5 5. Be3 Qf6 6. c3 Nge7 7. Bc4 O-O 8. O-O Bb6 9. f4 d5 10. e5 Qh4
11. Bb5 Nxd4 12. Bxd4 c6 13. Bxb6 axb6 14. Bd3 Bf5 15. b3 Qg4 16. Qc2 Bxd3 17. Qxd3 Qf5 18. Rf3 Qxd3 19. Rxd3 b5 20. Nd2 g6
21. Nf1 Nf5 22. Ne3 Nxe3 23. Rxe3 Ra3 24. Re2 Rfa8 25. Rb2 Kf8 26. c4 dxc4 27. bxc4 bxc4 28. Rxb7 Rxa2 29. Rxa2 Rxa2 30. Rb6 c3
31. Rb1 Rb2 32. Rc1 c2 33. Kf2 Ke7 34. g4 Ke6 35. Ke3 Kd5 36. Kd3 h6 37. Kc3 Rb5 38. Kd3 Rc5 39. h4 Rc4 40. Ke3 Rc3+
41. Kf2 Kd4
0-1

[Event "KO Scotch Opening <1800"]
[Site "SchemingMind.com"]
[Date "2007.06.16"]
[Round "-"]
[White "Archon"]
[Black "David Hartley"]
[Result "0-1"]
[WhiteCountry "CAN"]
[BlackCountry "ENG"]
[WhiteElo "1707"]
[WhiteRD "52"]
[BlackElo "1892"]
[BlackRD "75"]
[GameID "108801"]

1. e4 e5 2. Nf3 Nc6 3. d4 exd4 4. Bc4 Bc5 5. c3 Nf6 6. cxd4 Bb4+ 7. Bd2 Bxd2+ 8. Nbxd2 d5 9. exd5 Nxd5 10. Qb3 Na5
11. Qa4+ c6 12. Bxd5 Qxd5 13. O-O O-O 14. Rac1 Qb5 15. Qxb5 cxb5 16. Rc7 Rd8 17. Nb3 Nxb3 18. axb3 Rb8 19. Rfc1 Be6 20. b4 Bd5
21. R1c3 Re8 22. g3 f6 23. h4 a6 24. Kf1 Bxf3 25. Rxf3 Kf8 26. Re3 Rec8 27. Ree7 Rxc7 28. Rxc7 Rd8 29. Rxb7 Rxd4 30. Ra7 Rxb4
31. Rxa6 Rxb2 32. Ra7 Kg8 33. Rb7 h5 34. Kg2 Kh7 35. Rb8 Kg6 36. Rb7 b4 37. Rb5 b3 38. Kf3 Kh6 39. Kg2 Rb1 40. Kf3 b2
41. Kg2 Kg6 42. Kf3 Kf7 43. Rb7+ Ke6 44. Ke2 Kd5 45. Rb8 Ke4 46. Re8+ Kf5 47. Rb8 Kg4 48. Rb7 g5 49. hxg5 fxg5 50. Rb8 Kh3
51. Rb5 Kg2 52. Rb4 h4 53. gxh4 gxh4
0-1

[Event "KO Scotch Opening <1800"]
[Site "SchemingMind.com"]
[Date "2007.09.03"]
[Round "-"]
[White "langhab"]
[Black "Mitchell-in"]
[Result "1-0"]
[WhiteCountry "PHI"]
[BlackCountry "ENG"]
[WhiteElo "1734"]
[WhiteRD "99"]
[BlackElo "1650"]
[BlackRD "74"]
[GameID "118663"]

1. e4 e5 2. Nf3 Nc6 3. d4 exd4 4. Bc4 Bc5 5. Bg5 Nge7 6. O-O O-O 7. Nbd2 d6 8. Nb3 Bg4 9. h3 Bxf3 10. Qxf3 Ne5
11. Qe2 h6 12. Bh4 Qd7 13. Rad1 N7g6 14. Bg3 c6 15. c3 dxc3 16. Nxc5 Qc7 17. Nb3 cxb2 18. f4 Nxc4 19. Qxc4 b5 20. Qc3 Rfe8
21. f5 Ne5 22. Qxb2
1-0

[Event "KO Scotch Opening <1800"]
[Site "SchemingMind.com"]
[Date "2007.08.30"]
[Round "-"]
[White "Mitchell-in"]
[Black "langhab"]
[Result "0-1"]
[WhiteCountry "ENG"]
[BlackCountry "PHI"]
[WhiteElo "1685"]
[WhiteRD "72"]
[BlackElo "1711"]
[BlackRD "97"]
[GameID "118669"]

1. e4 e5 2. Nf3 Nc6 3. d4 exd4 4. Bc4 Nf6 5. Ng5 d5 6. exd5 Na5 7. Qxd4 Nxc4 8. Qxc4 Qxd5 9. Qxd5 Nxd5 10. O-O Be6
11. Re1 Kd7 12. Nxe6 fxe6 13. c3 Bd6 14. Nd2 Rhf8 15. Nf3 Rf6
0-1

[Event "KO Scotch Opening <1800"]
[Site "SchemingMind.com"]
[Date "2007.10.21"]
[Round "-"]
[White "Theodoric"]
[Black "carosoko"]
[Result "1-0"]
[WhiteCountry "ENG"]
[BlackCountry "BEL"]
[WhiteElo "1850"]
[WhiteRD "58"]
[BlackElo "1663"]
[BlackRD "75"]
[GameID "125469"]

1. e4 e5 2. Nf3 Nc6 3. d4 exd4 4. Nxd4 Bc5 5. Be3 Qf6 6. c3 Bb6 7. Qd2 Qg6 8. f3 Nge7 9. Na3 O-O 10. O-O-O d6
11. Nc4 Be6 12. Nxe6 Bxe3 13. Nxe3 Qxe6 14. Bc4 Qg6 15. Rhg1 Rad8 16. h3 Rd7 17. Bd3 Qg3 18. Ng4 Rfd8 19. Qg5 Ng6 20. Nf6+
1-0

[Event "KO Scotch Opening <1800"]
[Site "SchemingMind.com"]
[Date "2007.10.21"]
[Round "-"]
[White "carosoko"]
[Black "Theodoric"]
[Result "0-1"]
[WhiteCountry "BEL"]
[BlackCountry "ENG"]
[WhiteElo "1647"]
[WhiteRD "83"]
[BlackElo "1834"]
[BlackRD "59"]
[GameID "125476"]

1. e4 e5 2. Nf3 Nc6 3. d4 exd4 4. Nxd4 Bc5 5. Be3 Qf6 6. c3 Nge7 7. Nc2 d6 8. Nd2 O-O 9. Bxc5 dxc5 10. Qf3 Qxf3
11. Nxf3 Rd8 12. Bc4 Be6 13. Bxe6 fxe6 14. Ng5 Rd6 15. Rd1 Rad8 16. Ke2 h6 17. Nh3 e5 18. f3 Na5 19. b3 b6 20. Ne3 Kf7
21. Nf2 Rxd1 22. Rxd1 Rd6 23. Rxd6 cxd6 24. c4 Nac6 25. Nfd1 Nb4 26. Nc3 a6 27. Ned5 Nbxd5 28. cxd5 b5= 29. Kd3 g5 30. a4 b4
31. Na2 Ng6
0-1

[Event "KO Scotch Opening <1800"]
[Site "SchemingMind.com"]
[Date "2007.11.13"]
[Round "-"]
[White "langhab"]
[Black "Archon"]
[Result "0-1"]
[WhiteCountry "PHI"]
[BlackCountry "CAN"]
[WhiteElo "1744"]
[WhiteRD "100"]
[BlackElo "1763"]
[BlackRD "53"]
[GameID "128058"]

1. e4 e5 2. Nf3 Nc6 3. d4 exd4 4. Nxd4 Bc5 5. c3 Qf6 6. Be3 Nge7 7. Be2 O-O 8. O-O d6 9. a4 a5 10. Nxc6 Nxc6
11. Bxc5 dxc5 12. Bb5 Qg6 13. Bxc6 Qxc6 14. f3 c4 15. Qe2 Be6 16. Nd2 Qb6+ 17. Kh1 Qxb2 18. Rab1 Qxc3 19. Rfc1 Qd3 20. Qxd3 cxd3
21. Rxb7 Rfc8 22. Kg1 c5 23. Kf2 c4 24. Ke3 c3 25. Kxd3 cxd2
0-1

[Event "KO Scotch Opening <1800"]
[Site "SchemingMind.com"]
[Date "2007.11.08"]
[Round "-"]
[White "Archon"]
[Black "langhab"]
[Result "0-1"]
[WhiteCountry "CAN"]
[BlackCountry "PHI"]
[WhiteElo "1763"]
[WhiteRD "53"]
[BlackElo "1744"]
[BlackRD "100"]
[GameID "128066"]

1. e4 e5 2. Nf3 Nc6 3. d4 exd4 4. Nxd4 Bc5 5. Be3 Qf6 6. c3 Nge7 7. Bb5 a6 8. Bxc6 bxc6 9. O-O O-O 10. Nd2 d5
11. N2f3 Bg4 12. Qd2 Bxf3 13. Nxf3 dxe4 14. Nd4 Rfd8 15. Qe2 Qg6 16. Nc2 Bd6 17. g3 f5 18. Kh1 Nd5 19. Rg1 a5 20. a4 Rab8
21. Nd4 Be5 22. f3 Nxe3 23. Qxe3 Bxd4 24. cxd4 Rxb2 25. fxe4 Rdb8 26. e5 Qh5 27. Rg2 Rxg2
0-1

[Event "KO Scotch Opening <1800"]
[Site "SchemingMind.com"]
[Date "2008.02.05"]
[Round "-"]
[White "Theodoric"]
[Black "langhab"]
[Result "1/2-1/2"]
[WhiteCountry "ENG"]
[BlackCountry "PHI"]
[WhiteElo "1875"]
[WhiteRD "59"]
[BlackElo "1719"]
[BlackRD "96"]
[GameID "139663"]

1. e4 e5 2. Nf3 Nc6 3. d4 exd4 4. Bc4 Nf6 5. O-O d6 6. Nxd4 Ne5 7. Bd3 h6 8. Nc3 Be7 9. Re1 c5 10. Bb5+ Bd7
11. Bxd7+ Qxd7 12. Nf5 O-O 13. Nxe7+ Qxe7 14. Nd5 Nxd5 15. exd5 Rfe8 16. Bd2 Qf6 17. Bc3 Qf5 18. Bxe5 Rxe5 19. Rxe5 Qxe5 20. c3 Re8
21. g3 Qe4 22. Qb3 b6 23. Qb5 Re7 24. Qc6 Qg6 25. b4 cxb4 26. cxb4 Re2 27. Qa8+ Kh7 28. Qxa7 Qf6 29. Rf1 Qd4 30. Qxf7 Qxb4
31. Qf5+ Kh8 32. Qf8+ Kh7 33. Qf5+ Kh8=
1/2-1/2

[Event "KO Scotch Opening <1800"]
[Site "SchemingMind.com"]
[Date "2008.02.05"]
[Round "-"]
[White "langhab"]
[Black "Theodoric"]
[Result "0-1"]
[WhiteCountry "PHI"]
[BlackCountry "ENG"]
[WhiteElo "1719"]
[WhiteRD "96"]
[BlackElo "1875"]
[BlackRD "59"]
[GameID "139672"]

1. e4 e5 2. Nf3 Nc6 3. d4 exd4 4. Nxd4 Bc5 5. Nxc6 Qf6 6. Qf3 Qxc6 7. Bd3 Nf6 8. Bg5 Bd4 9. c3 Be5 10. Na3 O-O
11. O-O h6 12. Bf4 Bxf4 13. Qxf4 d6 14. Rfe1 a6 15. Rad1 Be6 16. c4 Rfe8 17. b3 Qc5 18. Nc2 Rad8 19. Kf1 c6 20. Ne3 b5
21. cxb5 cxb5 22. Rc1 Qe5 23. Qxe5 dxe5 24. Red1 Rc8 25. f3 g5 26. Kf2 Kg7 27. Ke2 h5 28. h3 Nd7 29. Kd2 f6 30. Nd5 Bxd5
31. exd5 Nb6 32. Be4 Kf7 33. Rxc8 Rxc8 34. Rc1 Rxc1 35. Kxc1 b4 36. Kd2 h4 37. Bd3 a5 38. Be4 Ke7 39. Kd3 Kd6 40. Ke3 Nxd5+
41. Bxd5 Kxd5 42. Kd3 f5
0-1